LEADER 03016nam 2200697Ia 450 001 9910455448903321 005 20211108203021.0 010 $a9780674041561 010 $a0-674-04156-9 024 7 $a10.4159/9780674041561 035 $a(CKB)1000000000805684 035 $a(EBL)3300681 035 $a(OCoLC)842279141 035 $a(SSID)ssj0000122923 035 $a(PQKBManifestationID)11157698 035 $a(PQKBTitleCode)TC0000122923 035 $a(PQKBWorkID)10130743 035 $a(PQKB)11495183 035 $a(MiAaPQ)EBC3300681 035 $a(DE-B1597)457724 035 $a(OCoLC)1049618972 035 $a(OCoLC)1054874591 035 $a(OCoLC)979754334 035 $a(DE-B1597)9780674041561 035 $a(EXLCZ)991000000000805684 100 $a20061115d2007 uy 0 101 0 $aeng 135 $aurun#---muuuu 181 $ctxt 182 $cc 183 $acr 200 14$aThe clash within$b[electronic resource] $edemocracy, religious violence, and India's future /$fMartha C. Nussbaum 210 $aCambridge, MA ;$aLondon $cBelknap Press$d2007 215 $a1 online resource (432 p.) 300 $aDescription based upon print version of record. 311 1 $a0-674-03059-1 320 $aIncludes bibliographical references and index. 327 $tFrontmatter --$tContents --$tPreface --$tAcknowledgments --$tIntroduction --$t1. Genocide in Gujarat --$t2. The Human Face of the Hindu Right --$t3. Tagore, Gandhi, Nehru --$t4. A Democracy of Pluralism, Respect, Equality --$t5. The Rise of the Hindu Right --$t6. Fantasies of Purity and Domination --$t7. The Assault on History --$t8. The Education Wars --$t9. The Diaspora Community --$t10. The Clash Within --$tChronology --$tGlossary of Terms and Abbreviations --$tNotes --$tIndex 330 $aWhile America is focused on religious militancy and terrorism in the Middle East, democracy has been under siege from religious extremism in another critical part of the world. As Nussbaum reveals in this penetrating look at India today, the forces of the Hindu right pose a disturbing threat to its democratic traditions and secular state. Nussbaum's long-standing professional relationship with India makes her an excellent guide to its recent history. 606 $aHindutva 606 $aCommunalism$zIndia 606 $aHinduism and state 606 $aViolence$xReligious aspects$xHinduism 606 $aDemocracy$zIndia 606 $aReligious fanaticism$xHinduism 608 $aElectronic books. 615 0$aHindutva. 615 0$aCommunalism 615 0$aHinduism and state. 615 0$aViolence$xReligious aspects$xHinduism. 615 0$aDemocracy 615 0$aReligious fanaticism$xHinduism. 676 $a320.540954 700 $aNussbaum$b Martha C$g(Martha Craven),$f1947-$0144658 801 0$bMiAaPQ 801 1$bMiAaPQ 801 2$bMiAaPQ 906 $aBOOK 912 $a9910455448903321 996 $aThe clash within$92450452 997 $aUNINA LEADER 01435nam0 22003131i 450 001 UON00249853 005 20231205103625.310 100 $a20040218d1934 |0itac50 ba 101 $afre 102 $aFR 105 $a||||0 ||||| 200 1 $aHistoire de la langue française$edes origines a 1900. 8: Le français hors de France au XVIIIe siècle. Pt. 1. Le français dans le diverss pays d'Europe$fFerdinand Brunot 210 $aParis$cLibrairie Armand Colin$d1934 215 $aXLVI, 768 p.$d25 cm 423 1$1001UON00372888$12001 $aˆLe ‰Français hors de France au XVIIIe siècle 423 1$1001UON00372889$12001 $aˆLe ‰Français dans les divers pays d'Europe 606 $aGRAMMATICA STORICA$3UONC042569$2FI 606 $aLINGUA FRANCESE STORIA SEC 18$3UONC053524$2FI 606 $aLINGUA FRANCESE GRAMMATICA STORICA$3UONC053588$2FI 620 $aFR$dParis$3UONL002984 676 $a440$cLingue romanze (Lingue neolatine) Francese$v21 700 1$aBRUNOT$bFerdinand$3UONV137382$0290036 712 $aLibrairie Armand Colin$3UONV254209$4650 801 $aIT$bSOL$c20240220$gRICA 899 $aSIBA - SISTEMA BIBLIOTECARIO DI ATENEO$2UONSI 912 $aUON00249853 950 $aSIBA - SISTEMA BIBLIOTECARIO DI ATENEO$dSI S.C I F 01 m $eSI PRV17368 6 01 m 996 $aHistoire de la langue française$9447104 997 $aUNIOR